| 000 | 00507nam a2200169Ia 4500 | ||
|---|---|---|---|
| 999 |
_c36894 _d36894 |
||
| 003 | OSt | ||
| 005 | 20210123143027.0 | ||
| 008 | 190216s9999||||xx |||||||||||||| ||und|| | ||
| 040 | _coclc | ||
| 082 |
_a332.110954 _bSIN/G |
||
| 100 |
_aSingh, Ajay _96491 |
||
| 245 | 0 |
_aGeneral English For Bank Probationary Officer / _cAjay Singh |
|
| 260 |
_bArihant Prakashan, _c2008. _aMeerut: |
||
| 300 | _a476p | ||
| 650 | _aReferences | ||
| 942 |
_cREF _2ddc _h332.110954 _iSIN/G _k332.110954 _mSIN/G |
||